Central Library OPAC University of Rajshahi

Markov processes and potential theory ; (Record no. 6858)

MARC details
000 -LEADER
fixed length control field 01222cam a22003011 4500
001 - CONTROL NUMBER
control field 6858
003 - CONTROL NUMBER IDENTIFIER
rucl marc code BD-RjUL
005 - DATE AND TIME OF LATEST TRANSACTION
control field 20211208234327.0
008 - FIXED-LENGTH DATA ELEMENTS--GENERAL INFORMATION
fixed length control field 140112s1967 nyu 001 0 eng d
035 ## - SYSTEM CONTROL NUMBER
System control number (BD-RjUL)6900
040 ## - CATALOGING SOURCE
Original cataloging agency DLC
Transcribing agency DLC
Modifying agency DLC
-- BD-RjUL
Language of cataloging eng
041 ## - LANGUAGE CODE
Language code of text/sound track or separate title eng
082 00 - DEWEY DECIMAL CLASSIFICATION NUMBER
Classification number 519.1
Author mark and year MAR 1967
245 00 - TITLE STATEMENT
Title Markov processes and potential theory ;
Remainder of title proceedings of a symposium conducted by the Mathematics Research Center ... the United States Army, at the University of Wisconsin, Madison, May 1-3, 1967.
Statement of responsibility, etc. Edited by Joshua Chover.
260 ## - PUBLICATION, DISTRIBUTION, ETC. (IMPRINT)
Place of publication, distribution, etc. New York :
Name of publisher, distributor, etc. Wiley,
Date of publication, distribution, etc. 1967.
300 ## - PHYSICAL DESCRIPTION
Pagination x, 235 p. ;
Size 24 cm.
490 1# - SERIES STATEMENT
Series statement Publication of the Mathematics Research Center, United States Army, University of Wisconsin,
Volume/sequential designation no. 19
504 ## - BIBLIOGRAPHY, ETC. NOTE
Bibliography, etc Includes index.
650 #0 - SUBJECT ADDED ENTRY--TOPICAL TERM
Topical term or geographic name as entry element Markov processes.
9 (RLIN) 20601
Topical term or geographic name as entry element Potential theory (Mathematics)
9 (RLIN) 19822
700 1# - ADDED ENTRY--PERSONAL NAME
Personal name Chover, Joshua,
Dates associated with a name 1928-
Relator term ed.
710 2# - ADDED ENTRY--CORPORATE NAME
Corporate name or jurisdiction name as entry element Mathematics Research Center (United States. Army)
9 (RLIN) 20951
830 #0 - SERIES ADDED ENTRY--UNIFORM TITLE
Volume number/sequential designation no. 19.
830 #0 - SERIES ADDED ENTRY--UNIFORM TITLE
Uniform title Publication ... of the Mathematics Research Center, United States Army, the University of Wisconsin ;
942 ## - ADDED ENTRY ELEMENTS (KOHA)
Source of classification or shelving scheme Dewey Decimal Classification
Koha item type Books
Holdings
Lost status Source of classification or shelving scheme Damaged status Not for loan Collection code Permanent Location Current Location Shelving location Date acquired Source of acquisition Cost, normal purchase price Total Checkouts Full call number Date last seen Copy number Koha item type
  Dewey Decimal Classification   Not For Loan Non-fiction Central Library, University of Rajshahi Central Library, University of Rajshahi   30/05/1974 National Book Agency. 150.00   519.1 MAR 1967 12/01/2014 C-1 Books